| 000 | 00997cam a22003138i 4500 | ||
|---|---|---|---|
| 001 | 18353734 | ||
| 005 | 20161118100154.0 | ||
| 008 | 141030s2016 nyu 000 0 eng | ||
| 010 | _a 2014037058 | ||
| 020 | _a978-0-078-02579-2 (alk. paper) | ||
| 040 |
_aDLC _beng _cDLC _erda |
||
| 042 | _apcc | ||
| 050 | 0 | 0 |
_aHF5657.4 _b.F65 2016 |
| 082 | 0 | 0 |
_aDC 658.1511 _22016 _bB75 |
| 100 | 1 | _aBrewer, Peter C. | |
| 245 | 1 | 0 |
_aIntroduction to managerial accounting / _cPeter C. Brewer, Ray H. Garrison, and Eric W. Noreen. |
| 250 | _aSeventh Edition. | ||
| 260 |
_aNew York: _bMcGraw-Hill Education, _c2016. |
||
| 263 | _a1501 | ||
| 300 |
_axxxii, 648 pages: _bcolor illustrations; _c28 cm. |
||
| 500 | _aIncludes index. | ||
| 650 | 0 | _aManagerial accounting. | |
| 700 | 1 | _aGarrison, Ray H. | |
| 700 | 1 | _aNoreen, Eric W. | |
| 365 |
_b3,750.00 _cPhp |
||
| 906 |
_a7 _bcbc _corignew _d1 _eecip _f20 _gy-gencatlg |
||
| 942 |
_2ddc _cDC |
||
| 999 |
_c5760 _d5760 |
||